| 000 | 00571 a2200181 4500 | ||
|---|---|---|---|
| 999 |
_c1741 _d1741 |
||
| 020 | _a9781775783121 | ||
| 050 | _aHF5686.TOI 2007 | ||
| 100 | _aToit Elda Du | ||
| 245 |
_aX-Kit undergraduate: _bsupplement to cost and management accounting., _cElda Du Toit, Alexander Hopkins, George Arthur Qua Enoo., Megan Riley |
||
| 264 |
_aNew York: _bPearson., _c2007 |
||
| 300 | _a45pgs | ||
| 500 | _aIt includes index | ||
| 650 | _aAccounting | ||
| 700 | _aAlexander Hopkins, | ||
| 700 | _a George Arthur Qua Enoo., | ||
| 700 | _aMegan Riley | ||
| 942 |
_2lcc _cBK _h5686 _iTOI _kHF |
||